Az örök visszatérés imperatívusza
Elmentve itt :
| Szerző: | |
|---|---|
| Adatforrás: | Philobibl |
| Forrásdokumentuma: | Holmi 16.2004:10. 1275-1286. p. |
| Dokumentumtípus: | Cikk |
| Nyelv: | magyar |
| Kulcsszavak: | örök visszatérés Kant Nietzsche |
| Online elérés: | szabadon hozzáférhető |
| LEADER | 00527nab a2200157 c 4500 | ||
|---|---|---|---|
| 001 | bibPHI0028974 | ||
| 005 | 20240829123740.7 | ||
| 008 | 061030s2004 hu 00010 hun | ||
| 100 | 1 | |a Ullmann Tamás | |
| 245 | 1 | 3 | |a Az örök visszatérés imperatívusza |c Ullmann Tamás |
| 500 | |a Kant és Nietzsche | ||
| 695 | |a örök visszatérés | ||
| 695 | |a Kant | ||
| 695 | |a Nietzsche | ||
| 773 | 0 | |t Holmi |g 16.2004:10. 1275-1286. p. | |
| 856 | 4 | 1 | |3 Full text |u https://epa.oszk.hu/01000/01050/00010/pdf/holmi_2004_10_1275-1286.pdf |z szabadon hozzáférhető |